Auto repair for dummies / (Record no. 587604)

000 -LEADER
fixed length control field 01166cam a2200361 i 4500
001 - CONTROL NUMBER
control field 20637024
003 - CONTROL NUMBER IDENTIFIER
control field NUST
005 - DATE AND TIME OF LATEST TRANSACTION
control field 20220113175047.0
008 - FIXED-LENGTH DATA ELEMENTS--GENERAL INFORMATION
fixed length control field 180818r20192009njua 001 0 eng
010 ## - LIBRARY OF CONGRESS CONTROL NUMBER
LC control number 2018955357
020 ## - INTERNATIONAL STANDARD BOOK NUMBER
International Standard Book Number 9781119543619 (pbk)
038 ## - RECORD CONTENT LICENSOR
Staff Name Muzammil
040 ## - CATALOGING SOURCE
Original cataloging agency DLC
Language of cataloging eng
Description conventions rda
Transcribing agency DLC
042 ## - AUTHENTICATION CODE
Authentication code pcc
050 00 - LIBRARY OF CONGRESS CALL NUMBER
Classification number TL152
Item number .S422 2019
082 04 - DEWEY DECIMAL CLASSIFICATION NUMBER
Classification number 629.2872
Edition number 23
Author Mark SCL
100 1# - MAIN ENTRY--PERSONAL NAME
Personal name Sclar, Deanna,
Relator term author.
9 (RLIN) 88371
245 10 - TITLE STATEMENT
Title Auto repair for dummies /
Statement of responsibility, etc. Deanna Sclar, John O'Dell, Technical Advisor.
250 ## - EDITION STATEMENT
Edition statement 2nd edition.
264 #1 - PRODUCTION, PUBLICATION, DISTRIBUTION, MANUFACTURE, AND COPYRIGHT NOTICE
Place of production, publication, distribution, manufacture Hoboken, New Jersey :
Name of producer, publisher, distributor, manufacturer John Wiley & Sons,
Date of production, publication, distribution, manufacture, or copyright notice [2019]
300 ## - PHYSICAL DESCRIPTION
Extent xxi, 552 pages :
Other physical details illustrations ;
Dimensions 24 cm
336 ## - CONTENT TYPE
Content type term text
Content type code txt
Source rdacontent
337 ## - MEDIA TYPE
Media type term unmediated
Media type code n
Source rdamedia
338 ## - CARRIER TYPE
Carrier type term volume
Carrier type code nc
Source rdacarrier
490 0# - SERIES STATEMENT
Series statement For dummies
500 ## - GENERAL NOTE
General note Includes index.
563 ## - BINDING INFORMATION
Binding note paperback
650 #0 - SUBJECT ADDED ENTRY--TOPICAL TERM
Topical term or geographic name entry element Automobiles
General subdivision Maintenance and repair
Form subdivision Amateurs' manuals.
9 (RLIN) 88372
650 #0 - SUBJECT ADDED ENTRY--TOPICAL TERM
Topical term or geographic name entry element Automobiles
General subdivision Bodies
-- Maintenance and repair.
9 (RLIN) 88373
906 ## - LOCAL DATA ELEMENT F, LDF (RLIN)
a 7
b cbc
c orignew
d 2
e epcn
f 20
g y-gencatlg
942 ## - ADDED ENTRY ELEMENTS (KOHA)
Source of classification or shelving scheme
Koha item type Book
Holdings
Withdrawn status Lost status Source of classification or shelving scheme Damaged status Not for loan Permanent Location Current Location Shelving location Date acquired Total Checkouts Total Renewals Full call number Barcode Date last seen Date last checked out Price effective from Koha item type
          School of Mechanical & Manufacturing Engineering (SMME) School of Mechanical & Manufacturing Engineering (SMME) General Stacks 01/13/2022 2 5 629.2872 SCL SMME-3677 04/20/2023 10/13/2022 01/13/2022 Book
© 2023 Central Library, National University of Sciences and Technology. All Rights Reserved.